Nákup cez Internet - hudba budúcnosti ?

Spôsob elektronického predaja na sieti Internet. Nárast konkurencie v elektronickom obchodovaní. Nákup cez Internet - príležitosť pre slovenských obchodníkov. Príklad úspešného využitia elektronického predaja na švédskej firme B&W. Spôsob platby pri nákupe cez Internet. Používatelia elektronických o...

Descripción completa

Guardado en:
Detalles Bibliográficos
Autor principal: Verešová, Iveta
Formato: Libro
Lenguaje:eslovaco
Materias:
Etiquetas: Agregar Etiqueta
Sin Etiquetas, Sea el primero en etiquetar este registro!

MARC

LEADER 00000nam a2200000 4500
001 r031230
005 20230929112235.4
041 0 |a slo 
044 |a SK 
245 1 0 |a Nákup cez Internet - hudba budúcnosti ?  |c Iveta Verešová 
520 |a Spôsob elektronického predaja na sieti Internet. Nárast konkurencie v elektronickom obchodovaní. Nákup cez Internet - príležitosť pre slovenských obchodníkov. Príklad úspešného využitia elektronického predaja na švédskej firme B&W. Spôsob platby pri nákupe cez Internet. Používatelia elektronických obchodných domov. 
610 2 0 |a obchod elektronický 
610 2 0 |a domy obchodné virtuálne 
610 2 0 |a technológie informačné 
610 2 0 |a technika predaja 
610 2 0 |a konkurencia 
610 2 0 |a Slovensko 
610 2 0 |a internet 
610 2 0 |a IBM 
610 2 0 |a B&W 
100 1 |a Verešová, Iveta